000 01173naa a22003257a 4500
001 BR0103856
003 BR-BrBNA
005 20240918181919.0
007 ta
008 230509b bl.||||| |||| 00| 0 por d
040 _aBR-BrBNA
_bpor
_cBiblioteca Nacional de Agricultura
041 _a(Pt)
072 _aH10
_b4020
090 _aH10 BR0103856
100 1 _aVilela, C.R.
100 1 _aTeixeira, E.P.
100 1 _aStein, C.P.
245 1 _aMosca-Africana-do-Figo, Zaprionus indianus (Diptera: Drosophilidae)
260 3 _aRibeirao Preto, SP (Brasil):
_bHolos,
_c2001.
500 _aVilela, E.F.; Zucchi, R.A.; Cantor, E.(ed.) Historico e impacto das pragas introduzidas no Brasil Ribeirao Preto, SP (Brasil): Holos, 2001. p. 48-52 (BR0103856-AM)H10
650 _aMosca
650 _aFigo
650 _aZaprionus Indianus
650 _aNomenclatura
650 _aBiologia
650 _aDistribuicao Geografica
773 0 _tHistorico e impacto das pragas introduzidas no Brasil
_aVilela, E.F.; Zucchi, R.A.; Cantor, E.(ed.)
_wH10 BR0103856
_gRibeirao Preto, SP (Brasil), 2001. p. 48-52
909 _a202404
_bLucia
_c55
_dLucia Elande
942 _cAM
_2AGRIS
999 _c327487
_d327487